<?xml version="1.0" encoding="UTF-8"?><?xml-stylesheet type="text/xsl" href="static/style.xsl"?><OAI-PMH xmlns="http://www.openarchives.org/OAI/2.0/" xmlns:xsi="http://www.w3.org/2001/XMLSchema-instance" xsi:schemaLocation="http://www.openarchives.org/OAI/2.0/ http://www.openarchives.org/OAI/2.0/OAI-PMH.xsd"><responseDate>2026-04-27T21:43:50Z</responseDate><request verb="GetRecord" identifier="oai:uvadoc.uva.es:10324/1045" metadataPrefix="marc">https://uvadoc.uva.es/oai/request</request><GetRecord><record><header><identifier>oai:uvadoc.uva.es:10324/1045</identifier><datestamp>2021-06-29T09:24:16Z</datestamp><setSpec>com_10324_38</setSpec><setSpec>col_10324_852</setSpec></header><metadata><record xmlns="http://www.loc.gov/MARC21/slim" xmlns:doc="http://www.lyncode.com/xoai" xmlns:xsi="http://www.w3.org/2001/XMLSchema-instance" xmlns:dcterms="http://purl.org/dc/terms/" xsi:schemaLocation="http://www.loc.gov/MARC21/slim http://www.loc.gov/standards/marcxml/schema/MARC21slim.xsd">
<leader>00925njm 22002777a 4500</leader>
<datafield tag="042" ind1=" " ind2=" ">
<subfield code="a">dc</subfield>
</datafield>
<datafield tag="720" ind1=" " ind2=" ">
<subfield code="a">Muñoz López, Laura</subfield>
<subfield code="e">author</subfield>
</datafield>
<datafield tag="260" ind1=" " ind2=" ">
<subfield code="c">2012</subfield>
</datafield>
<datafield tag="520" ind1=" " ind2=" ">
<subfield code="a">La sociedad actual en la que vivimos es una sociedad muy compleja, que nos cuesta&#xd;
comprender y a la que nos cuesta adaptarnos. Esta adaptación conlleva un trabajo de&#xd;
muchos años y es ya, desde edades muy tempranas, que vamos aprendiendo a&#xd;
comprenderla y a adquirir una serie de comportamientos que nos faciliten la integración&#xd;
en la misma. Sin embargo, esa adaptación no sería posible sin ayuda.&#xd;
Es por ello que desde la educación debemos facilitar a nuestros alumnos y alumnas esa&#xd;
ayuda y desarrollar en ellos una serie de competencias y actitudes que les sean útiles&#xd;
para comprender mejor el mundo que les rodea y adaptarse al mismo de manera más&#xd;
sencilla. Por tanto, vemos necesario elaborar recursos didácticos que ayuden a los&#xd;
alumnos a comprender todo aquello que forma parte de nuestra sociedad.&#xd;
A través de este proyecto pretendemos elaborar una serie de actividades enfocadas a&#xd;
trabajar el conocimiento de la realidad social usando como recurso principal el juego&#xd;
simbólico.</subfield>
</datafield>
<datafield tag="024" ind2=" " ind1="8">
<subfield code="a">http://uvadoc.uva.es/handle/10324/1045</subfield>
</datafield>
<datafield ind1=" " ind2=" " tag="653">
<subfield code="a">Niños-Aprendizaje social</subfield>
</datafield>
<datafield ind1=" " ind2=" " tag="653">
<subfield code="a">Juego simbólico</subfield>
</datafield>
<datafield ind1=" " ind2=" " tag="653">
<subfield code="a">Interacción social</subfield>
</datafield>
<datafield tag="245" ind1="0" ind2="0">
<subfield code="a">El juego simbólico como recurso para el conocimiento de la realidad social</subfield>
</datafield>
</record></metadata></record></GetRecord></OAI-PMH>